[Event "4.Int Ch of Vojvodina"]
[Site "Novi Sad"]
[Date "2013.06.28"]
[Round "2.17"]
[White "Blazeka, Mihaela"]
[Black "Beslin, Igor"]
[Result "1-0"]
[WhiteElo "1772"]
[BlackElo "2048"]
[PlyCount "93"]
[EventDate "2013.06.28"]
[SourceDate "2013.06.30"]

1. e4 c5 2. Nf3 d6 3. d4 cxd4 4. Nxd4 Nf6 5. f3 e5 6. Bb5+ Bd7 7. Bxd7+ Qxd7 8.
Nf5 Nc6 9. Bg5 O-O-O 10. Nc3 Ne7 11. Bxf6 gxf6 12. Nxe7+ Bxe7 13. Nd5 f5 14.
O-O f4 15. a4 Kb8 16. a5 h5 17. a6 b6 18. Ra3 Rhg8 19. Rc3 Rc8 20. Rxc8+ Kxc8
21. Nb4 Qb5 22. Qd5 Qxd5 23. exd5 Kd7 24. Nc6 Rc8 25. Nxa7 Ra8 26. Nc6 Bd8 27.
c4 Bc7 28. Ra1 h4 29. b4 Bd8 30. Kf2 Bc7 31. g3 hxg3+ 32. hxg3 fxg3+ 33. Kxg3
Rg8+ 34. Kf2 b5 35. c5 dxc5 36. bxc5 Ra8 37. Nb4 Bb8 38. Ra5 Ba7 39. Rxb5 Rc8
40. Nc6 Rxc6 41. dxc6+ Kxc6 42. Ra5 f5 43. Kg3 Kc7 44. Kh4 e4 45. fxe4 fxe4 46.
Kg4 Kc6 47. Kf4 1-0

[Event "4.Int Ch of Vojvodina"]
[Site "Novi Sad"]
[Date "2013.06.28"]
[Round "2.18"]
[White "Mastrapovic, Vladimir"]
[Black "Arsic, Djordje"]
[Result "1-0"]
[WhiteElo "2298"]
[BlackElo "2040"]
[PlyCount "55"]
[EventDate "2013.06.28"]
[SourceDate "2013.06.30"]

1. e4 e5 2. Nf3 Nc6 3. Bb5 a6 4. Ba4 Nf6 5. Qe2 b5 6. Bb3 Be7 7. a4 b4 8. d4 d5
9. exd5 Nxd4 10. Nxd4 exd4 11. Bg5 O-O 12. Bxf6 Bxf6 13. O-O Bb7 14. Qc4 a5 15.
Re1 Ra6 16. Qb5 Qa8 17. Nd2 c6 18. dxc6 Bxc6 19. Qf5 Bxg2 20. f3 Bg5 21. Ne4
Bxf3 22. Qxf3 Be3+ 23. Kh1 Kh8 24. Rf1 f5 25. Nc5 Qxf3+ 26. Rxf3 Rh6 27. Nd7
Rd8 28. Ne5 1-0

[Event "4.Int Ch of Vojvodina"]
[Site "Novi Sad"]
[Date "2013.06.28"]
[Round "2.19"]
[White "Vranes, Davorin"]
[Black "Doric, Nenad"]
[Result "1/2-1/2"]
[WhiteElo "2043"]
[BlackElo "2283"]
[PlyCount "63"]
[EventDate "2013.06.28"]
[SourceDate "2013.06.30"]

1. e4 c5 2. Nf3 Nc6 3. d4 cxd4 4. Nxd4 Qb6 5. Nb5 Nf6 6. Be3 Qa5+ 7. Bd2 Qd8 8.
Bd3 a6 9. N5c3 e6 10. O-O Be7 11. Be3 b5 12. f4 d6 13. a3 O-O 14. Kh1 Qc7 15.
Bg1 Bb7 16. Nd2 Na5 17. Qe2 Rac8 18. Rae1 Nc4 19. Bxc4 bxc4 20. Bd4 e5 21. Be3
d5 22. exd5 Nxd5 23. Nxd5 Bxd5 24. c3 Qb7 25. Nf3 Rb8 26. Bc1 e4 27. Nd4 Bf6
28. Rd1 Rfd8 29. Nc2 Be6 30. f5 Rxd1 31. Qxd1 Bd7 32. Ne3 1/2-1/2

[Event "4.Int Ch of Vojvodina"]
[Site "Novi Sad"]
[Date "2013.06.28"]
[Round "2.20"]
[White "Petkovic, Radoclsv"]
[Black "Popovic, Petar J"]
[Result "1-0"]
[WhiteElo "2273"]
[BlackElo "2034"]
[PlyCount "81"]
[EventDate "2013.06.28"]
[SourceDate "2013.06.30"]

1. e4 c5 2. Nf3 e6 3. d4 cxd4 4. Nxd4 a6 5. c4 d6 6. Nc3 Nf6 7. Be3 Nbd7 8. Be2
Nc5 9. f3 e5 10. Nc2 Bd7 11. O-O Be7 12. Qd2 O-O 13. Rfd1 Be6 14. b4 Ncd7 15.
Nd5 Bxd5 16. cxd5 b5 17. a4 Qc8 18. axb5 axb5 19. Bxb5 Rxa1 20. Rxa1 Ne8 21.
Ra7 Nc7 22. Ba4 f5 23. Qc3 Bd8 24. Qc6 Nb8 25. Qb7 Qxb7 26. Rxb7 Nba6 27. Na3
fxe4 28. fxe4 Ne8 29. Bxe8 Rxe8 30. Nc4 Be7 31. b5 Nb4 32. b6 Nc2 33. Kf2 Rf8+
34. Ke2 Nxe3 35. Nxe3 Bg5 36. Nf5 Bd8 37. Rxg7+ Kh8 38. Rb7 h5 39. Rb8 Rg8 40.
b7 Bc7 41. Rc8 1-0

[Event "4.Int Ch of Vojvodina"]
[Site "Novi Sad"]
[Date "2013.06.29"]
[Round "3.1"]
[White "Tomerlin, Sinisa"]
[Black "Drazic, Sinisa"]
[Result "0-1"]
[WhiteElo "2240"]
[BlackElo "2463"]
[PlyCount "74"]
[EventDate "2013.06.28"]
[SourceDate "2013.06.30"]

1. Nf3 d6 2. g3 e5 3. d3 g6 4. Bg2 Bg7 5. O-O Ne7 6. Nbd2 O-O 7. c3 Bh6 8. d4
Nbc6 9. dxe5 dxe5 10. e4 Be6 11. Qe2 a5 12. a4 Qd7 13. Re1 Rad8 14. Qb5 b6 15.
Nc4 Qd3 16. Nfd2 g5 17. Bf1 Qd7 18. Ne3 Ng6 19. Bc4 Nce7 20. Qb3 Bh3 21. Ndf1
Nc8 22. Rd1 Nd6 23. Qc2 Qc8 24. Bb3 Kh8 25. Qe2 Nxe4 26. Rxd8 Qxd8 27. Bc2 Nd6
28. Qh5 Bf5 29. Kh1 e4 30. Ng4 Kg7 31. h4 f6 32. Be3 Qe7 33. Re1 Ne5 34. Nxe5
Qxe5 35. hxg5 fxg5 36. Kg2 Qf6 37. f3 exf3+ 0-1

[Event "4.Int Ch of Vojvodina"]
[Site "Novi Sad"]
[Date "2013.06.29"]
[Round "3.3"]
[White "Remecki, Sinisa"]
[Black "Nestorovic, Nikola"]
[Result "0-1"]
[WhiteElo "2231"]
[BlackElo "2405"]
[PlyCount "109"]
[EventDate "2013.06.28"]
[SourceDate "2013.06.30"]

1. d4 Nf6 2. Nc3 d5 3. Bg5 Nbd7 4. Nf3 h6 5. Bxf6 Nxf6 6. g3 c5 7. Bg2 cxd4 8.
Qxd4 e6 9. O-O Be7 10. Ne5 O-O 11. e4 dxe4 12. Qxd8 Rxd8 13. Nxe4 Nd7 14. Nxd7
Bxd7 15. Rfd1 Bc6 16. Nc3 Bxg2 17. Kxg2 Bf6 18. Rxd8+ Rxd8 19. Rd1 Rb8 20. Rd3
Kf8 21. Nd1 Rc8 22. c3 Ke7 23. Ne3 h5 24. Kf3 g5 25. h3 Be5 26. Nc2 Rc4 27. Ne3
Ra4 28. a3 f5 29. Nc2 h4 30. b3 Re4 31. c4 hxg3 32. fxg3 g4+ 33. hxg4 Rxg4 34.
Kf2 b6 35. Nb4 Bb2 36. Nc6+ Kf6 37. Nxa7 Bxa3 38. Nc6 Bc5+ 39. Kg2 e5 40. b4 e4
41. Rc3 Bd6 42. c5 bxc5 43. bxc5 Bc7 44. Kf2 Rg6 45. Nb4 Ke6 46. Na6 Be5 47.
Ra3 Kd5 48. c6 Kxc6 49. Nb4+ Kd6 50. Ra6+ Kd7 51. Ra7+ Ke6 52. Ra6+ Kf7 53.
Ra7+ Kg8 54. Nc6 Bf6 55. Ne7+ 0-1

[Event "4.Int Ch of Vojvodina"]
[Site "Novi Sad"]
[Date "2013.06.29"]
[Round "3.4"]
[White "Leskur, Dejan"]
[Black "Kovacevic, Sinisa"]
[Result "1-0"]
[WhiteElo "2391"]
[BlackElo "2229"]
[PlyCount "29"]
[EventDate "2013.06.28"]
[SourceDate "2013.06.30"]

1. e4 e6 2. d4 d5 3. Nc3 Bb4 4. e5 c5 5. a3 Bxc3+ 6. bxc3 Ne7 7. Qg4 O-O 8. Bd3
Nbc6 9. Nf3 f6 10. Bh6 Rf7 11. exf6 e5 12. Bxh7+ Kxh7 13. Ng5+ Kg8 14. Nxf7
Bxg4 15. Nxd8 1-0

[Event "4.Int Ch of Vojvodina"]
[Site "Novi Sad"]
[Date "2013.06.29"]
[Round "3.5"]
[White "Bodiroga, Predrag"]
[Black "Cengija, Vanja"]
[Result "1-0"]
[WhiteElo "2369"]
[BlackElo "2226"]
[PlyCount "75"]
[EventDate "2013.06.28"]
[SourceDate "2013.06.30"]

1. c4 e5 2. Nc3 Nc6 3. Nf3 Nf6 4. e3 d6 5. d4 Bg4 6. d5 Ne7 7. e4 Ng6 8. h3 Bd7
9. g3 Be7 10. Bg2 h6 11. Be3 Nh7 12. h4 O-O 13. Nd2 f5 14. exf5 Bxf5 15. Nde4
Nf6 16. Qe2 Nxe4 17. Nxe4 Rf7 18. O-O-O Nf8 19. Rdg1 b5 20. g4 Bg6 21. g5 h5
22. Ng3 bxc4 23. Qxc4 Rb8 24. Be4 c6 25. dxc6 Bxe4 26. Nxe4 d5 27. Qc2 Rc8 28.
g6 Rf3 29. Rd1 Qe8 30. Rxd5 Qxg6 31. c7 Ne6 32. Rd7 Qe8 33. Rhd1 Nd4 34. Qc4+
Rf7 35. Qd5 Bxh4 36. Rxf7 Ne6 37. Nd6 Nxc7 38. Rxc7+ 1-0

[Event "4.Int Ch of Vojvodina"]
[Site "Novi Sad"]
[Date "2013.06.29"]
[Round "3.7"]
[White "Elez, Nikola"]
[Black "Andrijevic, Milan"]
[Result "1/2-1/2"]
[WhiteElo "2218"]
[BlackElo "2322"]
[PlyCount "106"]
[EventDate "2013.06.28"]
[SourceDate "2013.06.30"]

1. e4 c5 2. b3 e6 3. Bb2 a6 4. Nf3 d6 5. Nc3 Nc6 6. g3 Nf6 7. Bg2 Be7 8. O-O
O-O 9. Qe2 Qc7 10. Rfd1 Bd7 11. a4 Nd4 12. Qd3 Nxf3+ 13. Qxf3 Bc6 14. Qe2 Nd7
15. Nd5 Bxd5 16. exd5 e5 17. f4 f5 18. fxe5 Nxe5 19. d4 cxd4 20. Bxd4 Bf6 21.
Qd2 Ng4 22. h3 Bxd4+ 23. Qxd4 Ne5 24. c4 Rac8 25. Re1 Qc5 26. Qxc5 Rxc5 27. a5
g5 28. Ra4 Rf7 29. g4 fxg4 30. hxg4 Rc8 31. Re4 Rf4 32. Rb4 Rc5 33. Rxb7 Rxe4
34. Bxe4 Nxg4 35. Bxh7+ Kf8 36. Rb6 Rxa5 37. Rxd6 Ra2 38. c5 Ne5 39. c6 Ra1+
40. Kg2 Rc1 41. Re6 Nf7 42. Bg6 a5 43. Rf6 Kg7 44. Rxf7+ Kxg6 45. Rd7 Rc2+ 46.
Kf3 Kf5 47. c7 g4+ 48. Ke3 g3 49. d6 Ke6 50. Rg7 Kxd6 51. Rxg3 Kxc7 52. Kd4 Kb6
53. Rg5 Rc6 1/2-1/2

[Event "4.Int Ch of Vojvodina"]
[Site "Novi Sad"]
[Date "2013.06.29"]
[Round "3.8"]
[White "Rogac, Srdjan"]
[Black "Popovic, Dobrivoj"]
[Result "1/2-1/2"]
[WhiteElo "2322"]
[BlackElo "2206"]
[PlyCount "28"]
[EventDate "2013.06.28"]
[SourceDate "2013.06.30"]

1. e4 c5 2. c3 d6 3. d4 Qc7 4. Be3 Nf6 5. f3 g6 6. Bd3 Bg7 7. Ne2 Nbd7 8. O-O
a6 9. a4 b6 10. Nd2 O-O 11. Qe1 e5 12. dxc5 Nxc5 13. Bc2 d5 14. a5 b5 1/2-1/2

[Event "4.Int Ch of Vojvodina"]
[Site "Novi Sad"]
[Date "2013.06.29"]
[Round "3.11"]
[White "Dronjic, Sinisa"]
[Black "Mastrapovic, Vladimir"]
[Result "1/2-1/2"]
[WhiteElo "2190"]
[BlackElo "2298"]
[PlyCount "96"]
[EventDate "2013.06.28"]
[SourceDate "2013.06.30"]

1. d4 Nf6 2. c4 g6 3. Nc3 d5 4. Nf3 Bg7 5. Qb3 dxc4 6. Qxc4 O-O 7. e4 Be6 8. d5
Bc8 9. Be3 c6 10. Rd1 cxd5 11. exd5 Bg4 12. Be2 Nbd7 13. Qb3 Nb6 14. O-O Ne8
15. Nb5 Nc8 16. h3 Bf5 17. Nbd4 Be4 18. Qxb7 Ncd6 19. Qa6 Bxd5 20. Nc6 Bxc6 21.
Qxc6 Bxb2 22. Rb1 Bf6 23. Rfd1 Qc8 24. Qa4 Ng7 25. Nd4 Ngf5 26. Nxf5 Nxf5 27.
Rdc1 Qe6 28. Bc4 Qe5 29. Bf4 Qd4 30. Rd1 Qc5 31. Rb5 Qc8 32. Bd5 a6 33. Rb6 Bd4
34. Rxd4 Qc5 35. Bxa8 Nxd4 36. Rxa6 Ne2+ 37. Kf1 Nxf4 38. Bf3 Qc1+ 39. Qd1 Qc4+
40. Be2 Qe4 41. Bf3 Qc4+ 42. Be2 Qc8 43. Ra4 Rd8 44. Rd4 Rxd4 45. Qxd4 Qc1+ 46.
Qd1 Nxe2 47. Kxe2 Qc4+ 48. Ke1 Qe4+ 1/2-1/2

[Event "4.Int Ch of Vojvodina"]
[Site "Novi Sad"]
[Date "2013.06.29"]
[Round "3.12"]
[White "Pecelj, Nedeljko"]
[Black "Petkovic, Radosav"]
[Result "1/2-1/2"]
[WhiteElo "2190"]
[BlackElo "2273"]
[PlyCount "107"]
[EventDate "2013.06.28"]
[SourceDate "2013.06.30"]

1. Nf3 Nf6 2. g3 g6 3. Bg2 Bg7 4. c4 d6 5. Nc3 O-O 6. O-O e5 7. d4 Nbd7 8. e4
a6 9. h3 b5 10. dxe5 dxe5 11. cxb5 axb5 12. Re1 c6 13. Qc2 Bb7 14. b3 Qe7 15.
a4 b4 16. Nd1 Nc5 17. Bg5 Ne6 18. Nb2 Nxg5 19. Nxg5 Nd7 20. Nf3 f5 21. Rad1 c5
22. exf5 gxf5 23. Qc4+ Kh8 24. Qb5 Bc8 25. Nc4 e4 26. Nd6 Ne5 27. Nxe5 Qxe5 28.
Qc6 Be6 29. Nxe4 Rac8 30. Nxc5 Qc3 31. Qxe6 Rxc5 32. Rd7 f4 33. Red1 fxg3 34.
fxg3 Qxg3 35. Rd8 Qf2+ 36. Kh1 Rg5 37. Rxf8+ Bxf8 38. Qe4 Qg3 39. Rd8 Rg8 40.
Qd4+ Bg7 41. Rxg8+ Kxg8 42. Qd5+ Kf8 43. Qc5+ Kf7 44. Qc4+ Kg6 45. Qxb4 h5 46.
Qe4+ Kh6 47. Qe6+ Kg5 48. a5 Qc3 49. h4+ Kxh4 50. Qc4+ Qxc4 51. bxc4 Bd4 52.
Bb7 Kg3 53. Bd5 h4 54. Be6 1/2-1/2

[Event "4.Int Ch of Vojvodina"]
[Site "Novi Sad"]
[Date "2013.06.29"]
[Round "3.14"]
[White "Vucinic, Gojko"]
[Black "Sokic, Dragomir"]
[Result "0-1"]
[WhiteElo "2252"]
[BlackElo "2178"]
[PlyCount "33"]
[EventDate "2013.06.28"]
[SourceDate "2013.06.30"]

1. e4 e5 2. Nf3 Nc6 3. Bc4 Bc5 4. c3 Qf6 5. O-O Nge7 6. d4 exd4 7. Bg5 Qg6 8.
cxd4 Nxd4 9. Ne5 Qxg5 10. Nxf7 Qh4 11. Nxh8 d5 12. Bxd5 Bg4 13. Qd3 Nxd5 14.
exd5 O-O-O 15. Nf7 Rxd5 16. Qe4 Nc2 17. Qxc2 0-1

[Event "4.Int Ch of Vojvodina"]
[Site "Novi Sad"]
[Date "2013.06.29"]
[Round "3.15"]
[White "Kler, Borko"]
[Black "Bozinovic, Boban"]
[Result "1-0"]
[WhiteElo "2242"]
[BlackElo "2053"]
[PlyCount "57"]
[EventDate "2013.06.28"]
[SourceDate "2013.06.30"]

1. e4 c5 2. Nf3 d6 3. d4 cxd4 4. Nxd4 Nf6 5. Nc3 g6 6. f4 Nc6 7. Nxc6 bxc6 8.
e5 dxe5 9. Qxd8+ Kxd8 10. fxe5 Ng4 11. Bf4 Bh6 12. Bxh6 Nxh6 13. O-O-O+ Kc7 14.
Bc4 Be6 15. Bxe6 fxe6 16. Ne4 Ng4 17. h3 Ne3 18. Rd3 Nxg2 19. Nc5 Nf4 20. Rb3
Kd8 21. Rd1+ Ke8 22. Rd7 Kf7 23. Rbb7 Rhe8 24. Ne4 Kf8 25. Nf6 Red8 26. Nxh7+
Kg8 27. Ng5 a5 28. a4 c5 29. Rxe7 1-0

[Event "4.Int Ch of Vojvodina"]
[Site "Novi Sad"]
[Date "2013.06.30"]
[Round "4.2"]
[White "Nestorovic, Dejan"]
[Black "Peovic, Milos"]
[Result "1-0"]
[WhiteElo "2428"]
[BlackElo "2264"]
[PlyCount "61"]
[EventDate "2013.06.28"]
[SourceDate "2013.06.30"]

1. d4 c5 2. d5 e5 3. e4 d6 4. Bb5+ Nd7 5. a4 Be7 6. Nf3 Ngf6 7. Nc3 a6 8. Be2
Nf8 9. Nd2 Ng6 10. Nc4 b6 11. h4 h6 12. h5 Nf8 13. f4 N6d7 14. O-O f6 15. Bg4
Nh7 16. Be6 exf4 17. Bxf4 Ne5 18. Bxe5 Bxe6 19. Bxd6 Bxd6 20. dxe6 Bc7 21. Nd5
Qb8 22. Qg4 Ng5 23. Rad1 Bh2+ 24. Kh1 b5 25. Ncb6 Ra7 26. Rd3 c4 27. Nd7 Qc8
28. Rdd1 Be5 29. Qf5 Qc6 30. Nxe5 fxe5 31. Qg6+ 1-0

[Event "4.Int Ch of Vojvodina"]
[Site "Novi Sad"]
[Date "2013.06.30"]
[Round "4.3"]
[White "Nestorovic, Nikola"]
[Black "Kler, Borko"]
[Result "1-0"]
[WhiteElo "2405"]
[BlackElo "2242"]
[PlyCount "43"]
[EventDate "2013.06.28"]
[SourceDate "2013.06.30"]

1. e4 c5 2. Nf3 d6 3. d4 cxd4 4. Nxd4 Nf6 5. Nc3 e6 6. g4 h6 7. h3 Nc6 8. Be3
Be7 9. Bg2 a6 10. Qe2 Qc7 11. O-O-O Nxd4 12. Bxd4 e5 13. Be3 Be6 14. f4 Nd7 15.
f5 Bc4 16. Qd2 Rc8 17. Kb1 Qa5 18. b3 Bb5 19. Nxb5 Qxb5 20. h4 Nc5 21. Qd5 Na4
22. Qxb5+ 1-0

[Event "4.Int Ch of Vojvodina"]
[Site "Novi Sad"]
[Date "2013.06.30"]
[Round "4.4"]
[White "Blazeka, Matej"]
[Black "Leskur, Dejan"]
[Result "1/2-1/2"]
[WhiteElo "2300"]
[BlackElo "2391"]
[PlyCount "21"]
[EventDate "2013.06.28"]
[SourceDate "2013.06.30"]

1. e4 d6 2. d4 Nf6 3. Nc3 g6 4. Be3 c6 5. Qd2 b5 6. Bd3 Nbd7 7. Nf3 Qc7 8. Ne2
Bb7 9. c3 Bg7 10. h3 a6 11. Ng3 1/2-1/2

[Event "4.Int Ch of Vojvodina"]
[Site "Novi Sad"]
[Date "2013.06.30"]
[Round "4.5"]
[White "Sokic, Dragomir"]
[Black "Saric, Sinisa"]
[Result "1/2-1/2"]
[WhiteElo "2178"]
[BlackElo "2412"]
[PlyCount "129"]
[EventDate "2013.06.28"]
[SourceDate "2013.06.30"]

1. e4 d5 2. exd5 Qxd5 3. h3 Nf6 4. Nf3 Bf5 5. Be2 Nc6 6. d4 O-O-O 7. c4 Qa5+ 8.
Bd2 Qb6 9. d5 Ne4 10. O-O Nxd2 11. Nbxd2 Nd4 12. Nb3 Nxf3+ 13. Bxf3 e6 14. Qe2
exd5 15. Bxd5 Bg6 16. Rfd1 c6 17. Bf3 Bb4 18. Qe5 Qc7 19. Qxg7 Bd6 20. Re1 Rhg8
21. Qf6 Rde8 22. Qd4 Kb8 23. Rad1 Be5 24. Qd2 Bf5 25. Kh1 f6 26. Nc5 Ka8 27. b4
Bc8 28. a4 Rd8 29. Qc2 Qg7 30. Ne4 Rxd1 31. Rxd1 Qh6 32. Kg1 Qxh3 33. Kf1 Qh1+
34. Ke2 Qh6 35. b5 cxb5 36. cxb5 Re8 37. Rd5 Bb8 38. Qd2 Qg6 39. Kf1 Rxe4 40.
Bxe4 Qxe4 41. Rd8 Qb1+ 42. Ke2 Qe4+ 43. Kf1 Qc4+ 44. Kg1 Qc7 45. a5 Qh2+ 46.
Kf1 Qh1+ 47. Ke2 Bg4+ 48. Kd3 Qxg2 49. Qf4 Qf3+ 50. Qxf3 Bxf3 51. b6 f5 52. Ke3
Bg4 53. f3 f4+ 54. Ke4 Be6 55. Rh8 Bb3 56. Kf5 Bd1 57. Ke4 Ba4 58. Kd3 Bd1 59.
Ke4 Bc2+ 60. Kd4 Bg6 61. Kd5 Bf7+ 62. Ke4 Bh5 63. Rg8 Bg6+ 64. Kd4 Bf7 65. Rh8
1/2-1/2

[Event "4.Int Ch of Vojvodina"]
[Site "Novi Sad"]
[Date "2013.06.30"]
[Round "4.6"]
[White "Kiroski, Toni"]
[Black "Elez, Nikola"]
[Result "1/2-1/2"]
[WhiteElo "2341"]
[BlackElo "2218"]
[PlyCount "72"]
[EventDate "2013.06.28"]
[SourceDate "2013.06.30"]

1. c4 d6 2. Nc3 c6 3. Nf3 Bg4 4. d4 g6 5. h3 Bxf3 6. exf3 Bg7 7. Be3 e6 8. Qd2
Ne7 9. Bd3 O-O 10. h4 Nf5 11. Bxf5 exf5 12. h5 Nd7 13. h6 Bh8 14. O-O Re8 15.
Bf4 Nb6 16. b3 a6 17. Rad1 Qd7 18. a4 Rac8 19. a5 Na8 20. Na4 Bf6 21. Rfe1 Kf8
22. Qb4 Rxe1+ 23. Rxe1 Rd8 24. Qd2 Re8 25. Rxe8+ Kxe8 26. Bg5 Bxg5 27. Qxg5 Qe7
28. Qd2 Nc7 29. Nb6 Kd8 30. c5 d5 31. Qf4 f6 32. g3 Qe6 33. Na8 Nb5 34. Nb6 Nc7
35. Na8 Nb5 36. Nb6 Nc7 1/2-1/2

[Event "4.Int Ch of Vojvodina"]
[Site "Novi Sad"]
[Date "2013.06.30"]
[Round "4.7"]
[White "Popovic, Dobrivoj"]
[Black "Cabarkapa, Novak"]
[Result "0-1"]
[WhiteElo "2206"]
[BlackElo "2341"]
[PlyCount "80"]
[EventDate "2013.06.28"]
[SourceDate "2013.06.30"]

1. Nf3 Nf6 2. g3 g6 3. Bg2 Bg7 4. O-O O-O 5. c4 d5 6. cxd5 Nxd5 7. d4 Nc6 8. e4
Nb6 9. d5 Na5 10. Nc3 c6 11. Nd4 cxd5 12. exd5 e5 13. Ndb5 a6 14. Na3 Nac4 15.
Nxc4 Nxc4 16. Qb3 Nd6 17. f4 b5 18. fxe5 Bxe5 19. Bh6 Re8 20. Rae1 Bf5 21. Qd1
b4 22. Na4 Rc8 23. b3 Nb5 24. Rxe5 Rxe5 25. Bf4 Re8 26. d6 Nc3 27. Nxc3 Rxc3
28. Qd4 Rd3 29. Qxb4 Qf6 30. Qc4 Qd4+ 31. Qxd4 Rxd4 32. Rc1 g5 33. Rc5 gxf4 34.
Rxf5 Rd1+ 35. Kf2 fxg3+ 36. hxg3 Rd2+ 37. Kf1 Rc8 38. Kg1 Rc1+ 39. Bf1 Rxd6 40.
Kg2 Rc2+ 0-1

[Event "4.Int Ch of Vojvodina"]
[Site "Novi Sad"]
[Date "2013.06.30"]
[Round "4.11"]
[White "Mastrapovic, Vladimir"]
[Black "Ujhazi, Ivan"]
[Result "1-0"]
[WhiteElo "2298"]
[BlackElo "2214"]
[PlyCount "59"]
[EventDate "2013.06.28"]
[SourceDate "2013.06.30"]

1. e4 c5 2. Nf3 Nc6 3. d4 cxd4 4. Nxd4 g6 5. Nc3 Bg7 6. Be3 Nf6 7. Bc4 O-O 8.
Bb3 d6 9. f3 Bd7 10. Qd2 Nxd4 11. Bxd4 b5 12. O-O-O a5 13. e5 dxe5 14. Bxe5 a4
15. Bd5 Rc8 16. Bb7 Rc7 17. Ba6 Rc5 18. Bxf6 Bxf6 19. Ne4 Qb6 20. Nxc5 Qxc5 21.
Qxd7 Qc4 22. Qxb5 Qf4+ 23. Kb1 Rb8 24. Bb7 a3 25. g3 Qh6 26. bxa3 Qe3 27. Rd3
Qa7 28. Rb3 Qd4 29. c3 Qd2 30. Qd5 1-0

[Event "4.Int Ch of Vojvodina"]
[Site "Novi Sad"]
[Date "2013.06.30"]
[Round "4.14"]
[White "Cabarkapa, Spasoje"]
[Black "Pecelj, Nedeljko"]
[Result "1-0"]
[WhiteElo "2240"]
[BlackElo "2190"]
[PlyCount "57"]
[EventDate "2013.06.28"]
[SourceDate "2013.06.30"]

1. e4 e6 2. Nf3 d5 3. Nc3 Nf6 4. e5 Ne4 5. d3 Nxc3 6. bxc3 Be7 7. Be2 O-O 8.
O-O Nd7 9. Bf4 c5 10. c4 dxc4 11. dxc4 b6 12. Bd3 Bb7 13. Qe2 Qc7 14. Rfe1 Rad8
15. Qe3 Bxf3 16. Qxf3 Rfe8 17. Be4 Nb8 18. Re3 g6 19. Rae1 Rd4 20. Bd3 Nc6 21.
c3 Rd7 22. Bc2 Rc8 23. Be4 Rd2 24. R1e2 Rcd8 25. Rxd2 Rxd2 26. Re1 Rxa2 27.
Bxc6 g5 28. Be3 Qd8 29. h3 1-0

[Event "4.Int Ch of Vojvodina"]
[Site "Novi Sad"]
[Date "2013.06.30"]
[Round "4.15"]
[White "Stikovic, Dobrica"]
[Black "Kozomora, Dragan"]
[Result "1-0"]
[WhiteElo "2228"]
[BlackElo "2067"]
[PlyCount "97"]
[EventDate "2013.06.28"]
[SourceDate "2013.06.30"]

1. c4 Nf6 2. Nc3 c5 3. Nf3 Nc6 4. g3 g6 5. Bg2 Bg7 6. O-O O-O 7. d4 cxd4 8.
Nxd4 a6 9. e4 d6 10. Nxc6 bxc6 11. e5 dxe5 12. Bxc6 Rb8 13. Qe2 Qc7 14. Nd5
Nxd5 15. Bxd5 Bf5 16. b3 Rfd8 17. Bb2 e6 18. Be4 h5 19. Rfe1 f6 20. Bxf5 exf5
21. Red1 a5 22. Rxd8+ Rxd8 23. Rd1 h4 24. Rxd8+ Qxd8 25. gxh4 f4 26. c5 Kh8 27.
h5 g5 28. c6 Qd6 29. Qc2 Qc7 30. h3 Bf8 31. Qc4 g4 32. hxg4 Qc8 33. f3 Qd8 34.
Qc2 Qb6+ 35. Kg2 Bd6 36. Ba3 e4 37. Bxd6 exf3+ 38. Kxf3 Qe3+ 39. Kg2 Qg3+ 40.
Kf1 Qh3+ 41. Qg2 Qd3+ 42. Qe2 Qh3+ 43. Ke1 Qh1+ 44. Kd2 Qd5+ 45. Qd3 Qg2+ 46.
Kd1 f3 47. c7 Qxg4 48. Bc5 f2+ 49. Kc2 1-0

[Event "4.Int Ch of Vojvodina"]
[Site "Novi Sad"]
[Date "2013.06.30"]
[Round "4.16"]
[White "Milenkovic, Zoran"]
[Black "Radlovacki, Jovan"]
[Result "0-1"]
[WhiteElo "2110"]
[BlackElo "2434"]
[PlyCount "62"]
[EventDate "2013.06.28"]
[SourceDate "2013.06.30"]

1. Nf3 Nf6 2. g3 b6 3. Bg2 Ba6 4. O-O e6 5. d3 c5 6. Nbd2 Be7 7. e4 d5 8. e5
Nfd7 9. Re1 Nc6 10. Nf1 Qc7 11. Qe2 h6 12. h4 O-O-O 13. a3 Rdg8 14. c4 dxc4 15.
dxc4 g5 16. hxg5 hxg5 17. g4 Rg7 18. b4 Bb7 19. Ng3 Rgh7 20. bxc5 Nxc5 21. Bxg5
Bxg5 22. Nxg5 Rh2 23. f3 f6 24. N5e4 Qxe5 25. Rad1 Nd4 26. Qf2 Nxe4 27. Nxe4
Rxg2+ 28. Qxg2 Rh2 29. Qxh2 Nxf3+ 30. Kf2 Qxh2+ 31. Kxf3 f5 0-1

[Event "4.Int Ch of Vojvodina"]
[Site "Novi Sad"]
[Date "2013.06.30"]
[Round "4.17"]
[White "Tosic, Miroslav"]
[Black "Tisma, Ivan"]
[Result "1/2-1/2"]
[WhiteElo "2411"]
[BlackElo "2096"]
[PlyCount "113"]
[EventDate "2013.06.28"]
[SourceDate "2013.06.30"]

1. d4 Nf6 2. c4 g6 3. g3 Bg7 4. Bg2 O-O 5. Nc3 d6 6. Nf3 c6 7. O-O a6 8. a4 a5
9. h3 Na6 10. e4 Nd7 11. Be3 Re8 12. Qd2 e5 13. Rad1 Qe7 14. Rfe1 exd4 15. Nxd4
Ne5 16. Qe2 Be6 17. b3 Nd7 18. f4 Ndc5 19. Qc2 Nb4 20. Qb1 Bd7 21. Bf2 Rad8 22.
Na2 Nba6 23. Qc2 Bc8 24. Nc1 Nb4 25. Qd2 Qc7 26. Re2 Bf6 27. Qe1 Ne6 28. Nf3
Bg7 29. Kh2 Bd7 30. Qd2 Bc8 31. f5 Nc5 32. Qf4 b6 33. f6 Bf8 34. Qh4 d5 35.
cxd5 cxd5 36. exd5 Rxe2 37. Nxe2 Nxd5 38. Bd4 Bb7 39. Be5 Qc8 40. Ng5 h6 41.
Qc4 Ba6 42. Qc2 Nd3 43. Qxc8 Rxc8 44. Bxd5 Nxe5 45. Nxf7 Nxf7 46. Nf4 g5 47.
Ng6 Rc2+ 48. Kh1 Bc5 49. Re1 Re2 50. Rxe2 Bxe2 51. Ne5 Bh5 52. g4 Bd4 53. Nf3
Bxf6 54. gxh5 Kf8 55. Nh2 Ne5 56. Ng4 Nxg4 57. hxg4 1/2-1/2

[Event "4.Int Ch of Vojvodina"]
[Site "Novi Sad"]
[Date "2013.06.30"]
[Round "4.20"]
[White "Brajic, Miloje"]
[Black "Arsic, Djordje"]
[Result "0-1"]
[WhiteElo "2300"]
[BlackElo "2040"]
[PlyCount "58"]
[EventDate "2013.06.28"]
[SourceDate "2013.06.30"]

1. e4 e5 2. Nc3 Nf6 3. f4 d5 4. fxe5 Nxe4 5. Nf3 Be7 6. Be2 O-O 7. d3 Ng5 8.
O-O Be6 9. Nd4 Bc5 10. Be3 Nc6 11. Ncb5 a6 12. h4 axb5 13. c3 Bxd4 14. cxd4
Nh3+ 15. gxh3 Qxh4 16. Bf2 Qxh3 17. Bf3 f6 18. Bg2 Qh6 19. Qe2 f5 20. b3 f4 21.
a4 b4 22. Ra2 Qg6 23. Be1 Nxd4 24. Qf2 c5 25. Bxb4 b6 26. Bc3 f3 27. Bxd4 fxg2
28. Qxg2 Rxf1+ 29. Kxf1 Qxd3+ 0-1

[Event "4.Int Ch of Vojvodina"]
[Site "Novi Sad"]
[Date "2013.06.30"]
[Round "5.2"]
[White "Drazic, Sinisa"]
[Black "Blazeka, Matej"]
[Result "1-0"]
[WhiteElo "2463"]
[BlackElo "2300"]
[PlyCount "101"]
[EventDate "2013.06.28"]
[SourceDate "2013.06.30"]

1. d4 d5 2. Bg5 Nd7 3. Nd2 Ngf6 4. e3 e5 5. Ngf3 Bd6 6. dxe5 Nxe5 7. Be2 Ng6 8.
c4 dxc4 9. Nxc4 Bb4+ 10. Ncd2 O-O 11. Qc2 h6 12. Bxf6 Qxf6 13. a3 Bxd2+ 14.
Nxd2 Bf5 15. Qc3 Qxc3 16. bxc3 Rfd8 17. O-O-O Ne5 18. e4 Be6 19. Kc2 Ng4 20.
Bxg4 Bxg4 21. f3 Bd7 22. Nb3 Ba4 23. Rd4 Rxd4 24. cxd4 c5 25. dxc5 Rc8 26. Rc1
Rxc5+ 27. Kd3 Rg5 28. Nd4 Rxg2 29. Rc8+ Kh7 30. Rc7 Kg6 31. Rxb7 Ra2 32. Rxa7
Rxa3+ 33. Kd2 Ra2+ 34. Ke3 Bb3 35. Rb7 Be6 36. h4 Rh2 37. f4 Rh3+ 38. Kf2 Bg4
39. f5+ Kf6 40. Rb5 Rxh4 41. Kg3 Be2 42. Kxh4 Bxb5 43. Nxb5 Ke5 44. Kg4 Kxe4
45. Nd6+ Ke5 46. Nxf7+ Kf6 47. Nd6 Ke5 48. Ne8 h5+ 49. Kg5 h4 50. Nxg7 h3 51.
Nh5 1-0

[Event "4.Int Ch of Vojvodina"]
[Site "Novi Sad"]
[Date "2013.06.30"]
[Round "5.3"]
[White "Leskur, Dejan"]
[Black "Mastrapovic, Vladimir"]
[Result "1-0"]
[WhiteElo "2391"]
[BlackElo "2298"]
[PlyCount "49"]
[EventDate "2013.06.28"]
[SourceDate "2013.06.30"]

1. e4 c5 2. Nf3 Nc6 3. c3 d6 4. h3 Nf6 5. Bd3 g6 6. O-O Bg7 7. Re1 O-O 8. Bf1
e5 9. d3 Re8 10. Nbd2 h6 11. a4 d5 12. exd5 Nxd5 13. Nc4 f5 14. Qb3 Kh7 15. a5
Rb8 16. Qb5 a6 17. Qa4 g5 18. Be3 Nxe3 19. Rxe3 f4 20. Ree1 h5 21. d4 cxd4 22.
Bd3+ Kh6 23. cxd4 g4 24. Nfxe5 Nxe5 25. Nxe5 1-0